000 00558nam a2200169Ia 4500
008 090711s9999 xx 000 0 und d
082 _b6531
100 _aकालेलकर मधुसूदन
245 _aपंधरा ऑगस्ट
260 _bनवभारत प्रकाशन
_c1950
300 _a72
600 _aकालेलकर मधुसूदन
630 _aपंधरा ऑगस्ट
700 _aकालेलकर मधुसूदन
730 _aपंधरा ऑगस्ट
942 _cBOOK
999 _c302929
_d302929